Statistics for Champions League 2010s Teams

Click here to take the quiz!

General Stats

  • This quiz has been taken 85 times
  • The average score is 63 of 98

Answer Stats

TeamCountryNbBest% Correct
BarcelonaSpain10
100%
Bayern MunichGermany10
100%
ChelseaEngland8
100%
JuventusItaly8Finale
100%
Manchester CityEngland8Semi-finals
100%
Manchester UnitedEngland8Finale
100%
PortoPortugal9Quarter-finals
100%
Real MadridSpain10
100%
AFC AjaxNetherlands6Semi-finals
99%
ArsenalEngland8Quarter-finals
99%
Borussia DortmundGermany7Finale
99%
Inter MilanItaly4
99%
SL BenficaPortugal9Quarter-finals
99%
AC MilanItaly5Quarter-finals
97%
LyonFrance6Semi-finals
97%
MarseilleFrance4Quarter-finals
97%
Tottenham HotspurEngland4Finale
97%
LiverpoolEngland4
96%
Paris Saint-GermainFrance7Quarter-finals
96%
Atletico MadridSpain7Finale
94%
AS RomaItaly5Semi-finals
93%
CelticScotland4Round of 16
93%
GalatasarayTurkey5Quarter-finals
90%
OlympiacosGreece7Round of 16
90%
Schalke 04Germany5Semi-finals
90%
Sporting CPPortugal3Group Stage
90%
CSKA MoscowRussia8Quarter-finals
87%
MonacoFrance4Semi-finals
87%
PSV EindhovenNetherlands3Round of 16
87%
SSC NapoliItaly5Round of 16
87%
ZenitRussia5Round of 16
87%
Bayer LeverkusenGermany5Round of 16
86%
ValenciaSpain5Round of 16
86%
SevillaSpain4Quarter-finals
84%
BaselSwitzerland6Round of 16
81%
Leicester CityEngland1Quarter-finals
81%
Shakhtar DonetskUkraine8Quarter-finals
80%
AnderlechtBelgium4Group Stage
78%
Club BruggeBelgium2Group Stage
78%
LilleFrance2Group Stage
78%
RangersScotland2Group Stage
78%
Dynamo KyivUkraine4Group Stage
77%
BeşiktaşTurkey3Round of 16
72%
BordeauxFrance1Quarter-finals
71%
Dinamo ZagrebCroatia4Group Stage
71%
FeyenoordNetherlands1Group Stage
70%
CopenhagenDenmark3Round of 16
68%
APOELCyprus4Quarter-finals
65%
Young BoysSwitzerland1Group Stage
64%
GenkBelgium1Group Stage
62%
GentBelgium1Round of 16
62%
VillarrealSpain1Group Stage
61%
Spartak MoscowRussia3Group Stage
59%
BATE BorisovBelarus4Group Stage
58%
BragaPortugal2Group Stage
58%
WolfsburgGermany2Quarter-finals
58%
Borussia M'GladbachGermany2Group Stage
57%
Steaua BucureștiRomania1Group Stage
57%
MalmöSweden2Group Stage
55%
MontpellierFrance1Group Stage
54%
Werder BremenGermany1Group Stage
54%
Athletic BilbaoSpain1Group Stage
52%
Red Star BelgradeSerbia1Group Stage
52%
Lokomotiv MoscowRussia1Group Stage
51%
PanathinaikosGreece1Group Stage
51%
FiorentinaItaly1Round of 16
49%
AEK AthensGreece1Group Stage
48%
AZ AlkmaarNetherlands1Group Stage
48%
Ludogorets RazgradBulgaria2Group Stage
48%
HoffenheimGermany1Group Stage
46%
ZürichSwitzerland1Group Stage
46%
MariborSlovenia2Group Stage
43%
StuttgartGermany1Round of 16
43%
Viktoria PlzeňCzech Republic3Group Stage
43%
ClujRomania2Group Stage
42%
MálagaSpain1Quarter-finals
42%
RB LeipzigGermany1Group Stage
42%
Legia WarsawPoland1Group Stage
41%
Rubin KazanRussia2Group Stage
41%
PartizanSerbia1Group Stage
39%
Real SociedadSpain1Group Stage
39%
QarabağAzerbaijan1Group Stage
36%
Austria WienAustria1Group Stage
33%
Maccabi HaifaIsrael1Group Stage
32%
Maccabi Tel AvivIsrael1Group Stage
32%
TrabzonsporTurkey1Group Stage
32%
AstanaKazakhstan1Group Stage
30%
TwenteNetherlands1Group Stage
30%
Standard LiègeBelgium1Group Stage
29%
BursasporTurkey1Group Stage
25%
DebrecenHungary1Group Stage
25%
Hapoel Tel AvivIsrael1Group Stage
23%
NordsjællandDenmark1Group Stage
22%
AuxerreFrance1Group Stage
19%
Unirea UrziceniRomania1Group Stage
19%
RostovRussia1Group Stage
17%
ZilinaSlovakia1Group Stage
16%
Oțelul GalațiRomania1Group Stage
12%

Score Distribution

Percentile by Number Answered

Percent of People with Each Score

Your Score History

You have not taken this quiz